Psychophysiological Aspects of the Interaction Between the Organism and the Enviroment in Patiens with Bronchial Asthma

Podrobná bibliografia
Hlavní autori: Uherík, Anton, 1930- (Autor), Ficková, Emília (Autor)
Médium: Článok
Jazyk:slovenčina
angličtina
Predmet:

MARC

LEADER 00000nab a2200000 a 4500
001 vtls008771646
003 SK-MaSNL
005 20260304133830.0
008 250505 1976 xo 000 0 slo
015 |a SNBRB1977 
035 |a (uuid)c6021d31-7079-4194-a2d3-dcd5115eeaa7 
035 |a urn:nbn:sk:snk-ab2u1a 
035 |a (urnnbn)urn:nbn:sk:snk:ar-a02xwy 
040 |a SNKBUCL  |b slo  |c SNKBUCL  |e AACR2 
041 0 |a eng  |b slo  |b rus 
044 |a xo  |c SK 
080 |a 159.91:616.248  |2 2001 
080 |a 616.248  |2 2001 
100 1 |a Uherík, Anton,  |d 1930-  |4 aut  |9 319644 
245 1 0 |a Psychophysiological Aspects of the Interaction Between the Organism and the Enviroment in Patiens with Bronchial Asthma  |c [autori]Anton Uherík, Emília Ficková 
504 |a Bibliogr. odkazy 
546 |a Res slov., rus. 
650 0 7 |a astma  |x psychofyziologické aspekty  |2 snkbucl  |9 1451141 
650 0 7 |a psychofyziológia  |2 snkbucl  |9 14442 
700 1 |a Ficková, Emília  |4 aut  |9 5385 
773 0 |t Studia psychologica  |g Roč. 18, č. 4 (1976), s. 307-314 
850 |a Slovenská národná knižnica 
852 |a Slovenská národná knižnica 
958 |a article27 
958 |a NB 
958 |a OND 
958 |a EUIPO 
999 |c 2903894  |d 2905824